000 00283nam a22001337a 4500
008 181030b xxu||||| |||| 00| 0 eng d
020 _a0838500420
041 _aeng
080 _a610
100 _a4
101 _aSHM
245 _aAbdominal Operations
_cMaingot
942 _2udc
_cBK
999 _c51197
_d51197